000 00624nam a2200229Ia 4500
003 OSt
005 20220928144503.0
006 a|||||r|||| 00| 0
007 ta
008 220927b |||||||| |||| 00| 0 eng d
024 _a71061
037 _cTextual
040 _aSDCL
_cSDCL
_beng
041 _2eng
_aeng
082 _aX:51-8, L9
100 _aAbell Derek F
_9507820
245 0 _aStraetegic market planning
_b Problem and analytical approaches.
260 _c1979
700 _a Hammon D Jonh S
_9507821
942 _hX:51-8, L9
_cTEXL
_2CC
999 _c827341
_d827341